Przyporządkuj powiat województwa świętokrzyskiego do rejestracji - Statystyki

Ogólne statystyki
  • Ten quiz został rozwiązany 14 razy
  • Średni wynik to 11 z 14
Odpowiedzi na mapie
Odpowiedzi zakodowano w zielono-czerwonej skali na mapie do tego quizu, zgodnie z poniższymi procentami.
 
Statystyki odpowiedzi
Odpowiedź % Poprawnych
TKI
93%
TKN
93%
TBU
86%
TJE
86%
TK
86%
TOP
86%
TPI
86%
TKA
79%
TOS
79%
TSK
79%
TSA
71%
TST
71%
TLW
64%
TSZ
57%
Nie znaleziono quizów pasujących do podanych kryteriów
Rozkład punktacji
Procent ludzi z każdym wynikiem
Percentyl według liczby udzielonych odpowiedzi
Twoja historia wyników
Nie rozwiązałeś tego quizu